000
00350nam a2200145Ia 4500
008
231217s9999 xx 000 0 und d
041
_a
English
082
_a
793.73 COR;1
100
_a
Cornish, Dave Comp.
245
0
_a
Team quiz book
260
_c
2002
_b
Jaico Publishing House,
_a
Mumbai
300
_a
127
650
_a
Team,quiz
942
_c
AA
999
_c
170311
_d
170311